Mountain Rescue / (Record no. 588582)

000 -LEADER
fixed length control field 00354nam a22001337a 4500
020 ## - INTERNATIONAL STANDARD BOOK NUMBER
International Standard Book Number 9780373676255
082 ## - DEWEY DECIMAL CLASSIFICATION NUMBER
Classification number 813.6
Author Mark WHI
100 ## - MAIN ENTRY--PERSONAL NAME
Personal name White, Hope
245 ## - TITLE STATEMENT
Title Mountain Rescue /
Statement of responsibility, etc. Hope White
260 ## - PUBLICATION, DISTRIBUTION, ETC.
Place of publication, distribution, etc. New York :
Name of publisher, distributor, etc. Love Inspired,
Date of publication, distribution, etc. 2014.
300 ## - PHYSICAL DESCRIPTION
Extent 280p. ;
Dimensions 17 cm.
942 ## - ADDED ENTRY ELEMENTS (KOHA)
Source of classification or shelving scheme
Koha item type Book
Holdings
Withdrawn status Lost status Source of classification or shelving scheme Damaged status Not for loan Permanent Location Current Location Shelving location Date acquired Source of acquisition Total Checkouts Total Renewals Full call number Barcode Date last seen Price effective from Koha item type
          Central Library (CL) Central Library (CL) Fiction 03/05/2022 Donated by Student Affairs NUST   3 813.6 WHI CL-D-1527 12/17/2024 03/05/2022 Book
© 2023 Central Library, National University of Sciences and Technology. All Rights Reserved.